Welcome to the Holygrace Academy Library

Please use search bar below to get started

THE SECRETS OF DROON (Record no. 6105)

MARC details
000 -LEADER
fixed length control field 00733nam a22001457a 4500
020 ## - INTERNATIONAL STANDARD BOOK NUMBER
ISBN 978-0-439-42080-8
082 ## - DEWEY DECIMAL CLASSIFICATION NUMBER
Classification number 823
Item number ABB/C
100 ## - MAIN ENTRY--AUTHOR NAME
Personal name ABBOTT, TONY
245 ## - TITLE STATEMENT
Title THE SECRETS OF DROON
Remainder of title THE COILED VIPER
260 ## - PUBLICATION, DISTRIBUTION, ETC. (IMPRINT)
Place of publication NEW YORK
Name of publisher SCHOLASTIC
Year of publication 2012
300 ## - PHYSICAL DESCRIPTION
Number of Pages 117
520 ## - SUMMARY, ETC.
Summary, etc Lord Sparr is back... and meaner than ever! This time, he is in search of the Coiled Viper, an ancient magical object of unknown, incredible power. Princess Keeah and her Upper World friends - Eric, Neal, and Julie - know they have to stop Sparr from uncovering the Viper. But there's one little catch. The Viper can't be found in Droon... because it's hidden somewhere in the Upper World!
650 ## - SUBJECT ADDED ENTRY--TOPICAL TERM
Topical Term ADVENTURE STORY
Geographic subdivision UNITED STATES
942 ## - ADDED ENTRY ELEMENTS (KOHA)
Koha item type Books
Holdings
Withdrawn status Lost status Collection code Home library Current library Shelving location Date acquired Source of acquisition Cost, normal purchase price Full call number Accession Number Koha item type
    Fiction Main Library Main Library SHELF 15 H-HARRY POTTER(CHARACTERISATION),WIMPY KID,DORK DIARIES 02/12/2013 purchase 110.00 823 ABB/C 06580 Books